| 000 | 00755nam a2200229 i 4500 | ||
|---|---|---|---|
| 001 | 26561 | ||
| 003 | ES-MaACL | ||
| 005 | 20240409174821.0 | ||
| 007 | t| | ||
| 008 | 030109s1984 sp ||||1| spa d | ||
| 100 | 1 |
_aArrabal, Fernando, _d1932- _923204 |
|
| 245 | 1 | 3 |
_aEl cementerio de automóviles _b: ; El Arquitecto y El Emperador de Asiria / _cFernando Arrabal ; edición de Diana Taylor. |
| 260 |
_a[Madrid] : _bCátedra, _c[1984] |
||
| 300 |
_a234 p. ; _c18 cm. |
||
| 490 | 1 |
_aLetras hispánicas ; _v198 |
|
| 700 | 1 |
_aTaylor, Diana. _9109437 |
|
| 740 | 3 | _aEl Arquitecto y El Emperador de Asiria. | |
| 830 | 0 | 0 |
_aLetras hispánicas ; _v198 _9235703 |
| 852 |
_aES-MaACL _jL-6462 _bR.106899 |
||
| 942 | _2udc | ||
| 999 |
_c26561 _d26561 |
||